| 000 | 00000cam 2200000zi 4500 |
| 001 | 9.963040 |
| 003 | CaOODSP |
| 005 | 20260601172440 |
| 006 | m o d f |
| 007 | cr mn||||||||| |
| 008 | 260525s1951 oncd ob f000 0 eng d |
| 040 | |aCaOODSP|beng|erda|cCaOODSP |
| 043 | |aln----- |
| 086 | 1 |aFs52-3/418E-PDF |
| 100 | 1 |aTrites, R. W.,|d1929- |eauthor. |
| 245 | 10|aWater replacements on the Scotian Shelf / |cby R.W. Trites. |
| 264 | 1|a[Ottawa] : |bFisheries Research Board of Canada, Atlantic Oceanographic Group, |c1951. |
| 300 | |a1 online resource (5 pages, 2 unnumbered pages) : |bgraphs. |
| 336 | |atext|btxt|2rdacontent |
| 337 | |acomputer|bc|2rdamedia |
| 338 | |aonline resource|bcr|2rdacarrier |
| 490 | 1 |aManuscript reports of the biological stations ; |vno. 418 |
| 500 | |aDigitized edition from print [produced by Department of Fisheries and Oceans]. |
| 504 | |aIncludes bibliographical references (page 5). |
| 520 | |a"The direction, strength and duration of the wind are factors which enter into this phenomenon of water replacements, demonstrated by the observations in the water column at the Sambro Lightship. Further observations are required to elucidate the relative importance of the three factors"--Page 5. |
| 650 | 0|aWater levels|zScotian Shelf|vObservations. |
| 650 | 0|aTidal currents|zScotian Shelf|vObservations. |
| 650 | 0|aWinds|zScotian Shelf|xMeasurement. |
| 650 | 6|aNiveau des eaux|zNéo-écossaise, Plateforme|vObservations. |
| 650 | 6|aCourants de marée|zNéo-écossaise, Plateforme|vObservations. |
| 650 | 6|aVents|zNéo-écossaise, Plateforme|xMesure. |
| 710 | 2 |aAtlantic Oceanographic Group (Canada), |eissuing body. |
| 830 | #0|aManuscript reports of the biological stations ;|vno. 418.|w(CaOODSP)9.899091 |
| 856 | 40|qPDF|s1.47 MB|uhttps://publications.gc.ca/collections/collection_2026/mpo-dfo/fs52-3/Fs52-3-418-eng.pdf |